Poézia z Dolnej zeme nad antológiou slovenských básnikov z Juhoslávie

Bibliographic Details
Main Author: Závodský, Jozef, 1926-2018 (Author)
Format: Article
Language:Slovak
Subjects:

MARC

LEADER 00000nab a2200000 a 4500
001 vtls000103661
003 SK-MaSNL
005 20260305043403.0
008 111104c1981 xo 0 slo
015 |a SNBRB19rr/mm-uuuuu 
035 |a CL0113764 
040 |a SNKBUCL  |b slo  |c SNKBUCL  |e AACR2 
041 0 |a slo 
044 |a xo  |c SK 
080 |a 82.09:885.4 (497.1)(08)(048)  |2 1981 
080 |a 885.4 (497.1)(08)(048)  |2 1981 
080 |a 885.4 (497.1)-1(08)(048)  |2 1981 
100 1 |a Závodský, Jozef,  |d 1926-2018  |4 aut  |9 6846 
245 1 0 |a Poézia z Dolnej zeme  |b nad antológiou slovenských básnikov z Juhoslávie  |c Jozef Závodský ; Michal Harpáň, Jozef Závodský 
650 0 7 |a literárne antológie  |2 snkbucl  |9 428514 
650 0 7 |a slovenská literatúra  |2 snkbucl  |9 1115 
651 7 |a Juhoslávia  |2 snkbucl  |9 22118 
655 7 |a recenzie  |2 snkbucl  |9 21907 
655 7 |a články z odboru literárna veda a krásna literatúra  |2 snkbucl  |9 770045 
655 7 |a články z novín a časopisov  |2 snkbucl  |9 267496 
773 0 |t Ľud  |g Roč. 34, č. 236 (6. 10. 1981), s. 5 
787 0 8 |i Rec.:  |a Harpáň, Michal  |t Rodisko hmiel  |d Bratislava : Slovenský spisovateľ, 1981 
850 |a Slovenská národná knižnica v Martine  |a MTA001 
852 |a SNK  |b KIS3GCP 
958 |a RK 
958 |a LX 
958 |a SK 
992 |a RBX 
999 |c 3353349  |d 3355279